Introdução ao estudo das álgebras de Banach /

Guardado en:
Autor Principal: Medeiros, Luiz Adauto da Justa.
Formato: Libro
Idioma:Portuguese
Publicado: Fortaleza, Ceará : [Instituto de Matemática da Universidade do Ceará], 1961.
Series:Exposições de matemática ; No. 1
Etiquetas: Agregar Etiqueta
Sin Etiquetas, Sea el primero en etiquetar este registro!
LEADER 00603nam a22001575a 4500
001 MAT.inmabb001038
008 031120s1961####bl############000#0#por#d
005 20181101112012.0
245 1 0 |a Introdução ao estudo das álgebras de Banach /  |c por Luiz Adauto da Justa Medeiros. 
260 |a Fortaleza, Ceará :  |b [Instituto de Matemática da Universidade do Ceará],  |c 1961. 
300 |a ii, 48 h. ;  |c 28 cm. 
440 0 |a Exposições de matemática ;  |v No. 1 
100 1 |a Medeiros, Luiz Adauto da Justa. 
084 |a 46-XX  |2 msc2000 
859 |h 46  |i M488  |p A-912  |b BIB. MATEMATICA 
859 |h 46  |i M488  |p A-9254  |b BIB. MATEMATICA